اعداد وحدة تعليمية مبنية على الترادف للمتوسطين الأجانب
محفوظ في:
| المؤلف الرئيسي: | |
|---|---|
| مؤلفون آخرون: | |
| التنسيق: | أطروحة |
| اللغة: | Arabic |
| منشور في: |
Khartoum :
Ma'had al-Khurtum al-Dawli lil-Lughah al-'Arabiyah,
1981
|
| الموضوعات: | |
| الوسوم: |
إضافة وسم
لا توجد وسوم, كن أول من يضع وسما على هذه التسجيلة!
|
| LEADER | 012390000a22002650004500 | ||
|---|---|---|---|
| 001 | 42065 | ||
| 005 | 20091201115200.0 | ||
| 008 | 920919s1981 ara | ||
| 035 | |a (Sirsi) 42065 | ||
| 040 | |a UIAM |b eng | ||
| 050 | |a PJ6190 | ||
| 100 | 1 | |a بخيت، حسن يوسف | |
| 242 | 1 | 0 | |a I'dad wahdah ta'limiyah mabniyah 'ala al-taraduf lil-mutawassitin al-ajanib / |c i'dad Hasan Yusuf Bakhit; ishraf Hasah 'Abd al-Rahman al-Hasan, 'Uthman al-Fakki Baa Bakr |
| 245 | 1 | 0 | |a اعداد وحدة تعليمية مبنية على الترادف للمتوسطين الأجانب |
| 260 | 1 | |a Khartoum : |b Ma'had al-Khurtum al-Dawli lil-Lughah al-'Arabiyah, |c 1981 | |
| 300 | |a 164 p. | ||
| 502 | |a (M.A.)--Ma'had al-Khartoum al-Dawli lil-Lughat al-'Arabiyah, 1981 | ||
| 596 | |a 1 | ||
| 650 | 0 | |a Arabic language |x Synonyms and antonyms Study and teaching Foreign Speakers | |
| 700 | 1 | |a Bakhit, Hasan Yusuf | |
| 710 | 1 | |a Ma'had al-Khartum al-Dawli lil-Lughah al-'Arabiyah | |
| 710 | 2 | |a معهد الخرطوم الدولى للغة العربية | |
| 900 | |a bal-khs | ||
| 999 | |c 429843 |d 461334 | ||
| 952 | |0 0 |6 T PJ 006190 B168I 1981 |7 0 |8 THESES |9 748738 |a IIUM |b IIUM |c MULTIMEDIA |g 0.00 |o t PJ6190B168I 1981 |p 00000145186 |r 2017-10-20 |t 1 |v 0.00 |y THESIS | ||
